A Text book of Engineering Materials (Record no. 533177)
[ view plain ]
| 000 -LEADER | |
|---|---|
| fixed length control field | 00254nam a22001097a 4500 |
| 040 ## - CATALOGING SOURCE | |
| Transcribing agency | d |
| 100 ## - MAIN ENTRY--PERSONAL NAME | |
| Personal name | M.A.Zaman |
| 9 (RLIN) | 26937 |
| 245 ## - TITLE STATEMENT | |
| Title | A Text book of Engineering Materials |
| 260 ## - PUBLICATION, DISTRIBUTION, ETC. | |
| Place of publication, distribution, etc. | LahoRe |
| Name of publisher, distributor, etc. | National Book Stall |
| 300 ## - PHYSICAL DESCRIPTION | |
| Extent | 415;p;xv |
| 942 ## - ADDED ENTRY ELEMENTS (KOHA) | |
| Source of classification or shelving scheme | |
| Koha item type | Book |
| Withdrawn status | Lost status | Source of classification or shelving scheme | Damaged status | Not for loan | Permanent Location | Current Location | Date acquired | Total Checkouts | Barcode | Date last seen | Price effective from | Koha item type |
|---|---|---|---|---|---|---|---|---|---|---|---|---|
| School of Civil and Environmental Engineering (SCEE) | School of Civil and Environmental Engineering (SCEE) | 12/13/2019 | NIT-12916 | 12/13/2019 | 12/13/2019 | Book |
